logo

Bir Sreshtho Munshi Abdur Rouf Library
Jhenaidah Cadet College

Silas Marner / (Record no. 7587)

MARC details
000 -LEADER
fixed length control field 00788nam a2200277 a 4500
001 - CONTROL NUMBER
JCCL Control Number 7587
003 - CONTROL NUMBER IDENTIFIER
JCCL marc code (BD-JHCC)
005 - DATE AND TIME OF LATEST TRANSACTION
control field 20210329134019.0
008 - FIXED-LENGTH DATA ELEMENTS--GENERAL INFORMATION
fixed length control field 931206s1986 enk 000 1 eng d
020 ## - INTERNATIONAL STANDARD BOOK NUMBER
International Standard Book Number 0004245237
035 ## - SYSTEM CONTROL NUMBER
system control number (BD-JhCC)7587
040 ## - CATALOGING SOURCE
Original cataloging agency BD-JhCC
Modifying agency BD-JhCC
041 ## - LANGUAGE CODE
Language code of Book eng
082 ## - DEWEY DECIMAL CLASSIFICATION NUMBER
Classification number 823.8
Author mark and Year ELI 1953
100 1# - MAIN ENTRY--PERSONAL NAME
Personal name Eliot, George,
Dates associated with a name 1819-1880.
245 10 - TITLE STATEMENT
Title Silas Marner /
Statement of responsibility, etc George Eliot ; with an introduction by Winifred Mulley
260 ## - PUBLICATION, DISTRIBUTION, ETC. (IMPRINT)
Place of publication, distribution, etc London :
Name of publisher, distributor, etc Collins,
Date of publication, distribution, etc 1953
300 ## - PHYSICAL DESCRIPTION
Pagination 317 p. ;
Dimensions 16 cm
504 ## - BIBLIOGRAPHY, ETC. NOTE
Bibliography, etc Bibliography: p. 287-288
505 0# - FORMATTED CONTENTS NOTE
Formatted contents note Contents: Silas Marner -- The lifted veil -- Brother Jacob -- Poems
650 ## - SUBJECT ADDED ENTRY--TOPICAL TERM
Topical term or geographic name as entry element English Literature
740 02 -
Uncontrolled related/analytical title Lifted veil
740 02 -
Uncontrolled related/analytical title Brother Jacob
942 ## - ADDED ENTRY ELEMENTS (KOHA)
Source of classification or shelving scheme Dewey Decimal Classification
Koha item type Books
Koha issues (borrowed), all copies 2
Holdings
Source of classification or shelving scheme Damaged status Not for loan Home library Current library Shelving location Date of accession Total Checkouts Full call number Barcode Checked out Date last seen Date checked out Copy number Koha item type
Dewey Decimal Classification     JCC Rouf Library JCC Rouf Library General Stacks 02/12/2018 1 823.8 ELI 1953 9910 05/03/2021 03/28/2021 03/28/2021 C - 1 Books

JCC Library | Contacts | JCC Home

Last Update on 23 September 2017
Copyright @ 2017-2020 JCC Rouf Library
Rouf Library, Jhenidah Cadet College (JCC), Bangladesh